Antalyaspor Squad 2023-2024 - Statistics

General Stats
  • This quiz has been taken 23 times
  • The average score is 14 of 34
Answer Stats
# Position Nation Player % Correct
9 FW Poland Adam Buksa
81%
89 DF Turkey Veysel Sarı
81%
29 FW Israel Sagiv Jehezkel
75%
1 GK Brazil Helton Leite
69%
10 FW Sweden Sam Larsson
69%
97 FW DR Congo Britt Assombalonga
63%
7 DF Turkey Bünyamin Balcı
63%
- Coach Turkey Sergen Yalçın
63%
8 MF Bosnia and Herzegovina Dario Šarić
56%
72 DF Turkey Harun Toprak
56%
- Coach Turkey Nuri Şahin
56%
21 DF Turkey Ömer Toprak
56%
16 MF Israel Ramzi Safuri
56%
11 DF Turkey Güray Vural
50%
23 GK Turkey Ataberk Dadakdeniz
44%
44 DF Brazil Naldo
44%
22 MF Netherlands Sander van de Streek
44%
6 MF North Macedonia Erdal Rakip
38%
38 FW Philippines Gerrit Holtmann
38%
17 FW Turkey Erdoğan Yeşilyurt
31%
18 MF Poland Jakub Kałuziński
31%
3 DF Turkey Bahadır Öztürk
25%
27 DF Turkey Mert Yılmaz
25%
30 MF Turkey Mustafa Erdilman
25%
19 MF Turkey Ufuk Akyol
25%
77 FW Kosovo Zymer Bytyqi
25%
20 MF Bosnia and Herzegovina Deni Milošević
19%
34 GK Turkey Doğukan Özkan
19%
4 DF Kosovo Amar Gërxhaliu
13%
70 FW Turkey Ege Bilsel
13%
80 MF Turkey Emre Uzun
13%
14 MF Turkey Erkan Eyibil
13%
12 GK Turkey Kağan Arıcan
13%
5 MF Turkey Mevlüthan Ekelik
13%
No matching quizzes found
Score Distribution
Percent of People with Each Score
Percentile by Number Answered
Your Score History
You have not taken this quiz